000 01144nam a2200253 a 4500
001 BS0003765
003 BR-BrBNA
005 20231011150345.0
008 230308b |||||||| |||| 00| 0 por d
040 _aBR-BrBNA
_bpor
_cBiblioteca Nacional de Agricultura
041 _apor
072 _aS86
090 _aS86
_bBS0003765
100 1 _aLucius (Espírito)
245 1 _aPelas portas do coração /
250 1 _a29. ed.
260 3 _aSão Paulo, SP.:
_bCentro de Estudos Vida e Consciência,
_c2004.
300 _a356 p.
500 _aPsicografado por Zibia Gasparetto.
520 3 _aA maioria de nós está repleto de modelos sociais de felicidade. Todos queremos ser certos e adequados. E, assim, nos obrigamos a agir contra os impulsos de nossa verdadeira natureza. Pensando fazer o melhor, acabamos por nos conduzir ao vale do desajuste e da dor. Até que a audácia de uma alma forte e lúcida como a de Juliana nos mostre que o verdadeiro vencedor é aquele que tem a coragem de calar o mundo em si e caminhar pelas portas do coração.
650 _aLITERATURA BRASILEIRA
650 _aROMANCE ESPÍRITA
942 _cBK
_2AGRIS
999 _c8830
_d8830